[Event "Pinneberg-ch"]
[Site "Pinneberg"]
[Date "2014.??.??"]
[Round "4"]
[White "Metzner, Arne"]
[Black "Wolff, Stefan"]
[Result "0-1"]
[WhiteElo "1534"]
[BlackElo "2010"]
[PlyCount "22"]
[EventDate "2014.08.21"]
[EventType "swiss"]
[EventRounds "7"]
[EventCountry "GER"]
[SourceTitle "EXT 2017"]
[Source "ChessBase"]
[SourceDate "2016.10.25"]
[SourceVersion "1"]
[SourceVersionDate "2016.10.25"]
[SourceQuality "1"]

1. e4 b6 2. d4 Bb7 3. d5 e6 4. c4 exd5 5. cxd5 Bc5 6. Nf3 Nf6 7. Bg5 Bxf2+ 8. Kxf2 Nxe4+ 9. Kg1 Nxg5 10. Qe1+ Kf8 11. Qh4 Nxf3+ 0-1

[Event "Pinneberg-ch"]
[Site "Pinneberg"]
[Date "2011.09.29"]
[Round "7"]
[White "Moser, Till"]
[Black "Wolff, Stefan"]
[Result "1-0"]
[WhiteElo "2038"]
[BlackElo "1989"]
[PlyCount "41"]
[EventDate "2011.08.18"]
[EventType "swiss"]
[EventRounds "7"]
[EventCountry "GER"]
[SourceTitle "CBM 144 Extra"]
[Source "ChessBase"]
[SourceDate "2011.10.28"]
[SourceVersion "1"]
[SourceVersionDate "2011.10.28"]
[SourceQuality "1"]

1. e4 d6 2. f4 g6 3. Nc3 Bg7 4. Bc4 Nf6 5. d3 c6 6. Bb3 Qc7 7. Nf3 Nbd7 8. 0-0 b5 9. Qe1 Nc5 10. Kh1 0-0 11. Qh4 h6 12. f5 Nxb3 13. axb3 g5 14. Nxg5 hxg5 15. Bxg5 Re8 16. Bh6 Kh7 17. Bg5+ Kg8 18. Rf3 b4 19. Bh6 bxc3 20. Bxg7 cxb2 21. Qh8# 1-0

[Event "Hamburg Daehne Cup"]
[Site "Hamburg"]
[Date "2010.09.04"]
[Round "1"]
[White "Wolff, Stefan"]
[Black "Bente, Bjoern"]
[Result "0-1"]
[WhiteElo "1993"]
[BlackElo "2232"]
[PlyCount "50"]
[EventDate "2010.09.04"]
[EventType "k.o."]
[EventRounds "5"]
[EventCountry "GER"]
[SourceTitle "EXT 2022"]
[Source "ChessBase"]
[SourceDate "2021.10.06"]
[SourceVersion "1"]
[SourceVersionDate "2021.10.06"]
[SourceQuality "1"]

1. c4 e6 2. g3 d5 3. Bg2 Nf6 4. e3 Be7 5. Ne2 0-0 6. 0-0 c6 7. b3 dxc4 8. Na3 cxb3 9. axb3 Na6 10. Bb2 Nb4 11. d4 b6 12. h3 Bb7 13. g4 Qc8 14. Rc1 Rd8 15. g5 Nd7 16. Qd2 c5 17. e4 Ne5 18. Bc3 Ned3 19. Rcd1 cxd4 20. Nxd4 Bxg5 21. f4 Nxf4 22. Bxb4 Nxh3+ 23. Bxh3 Bxd2 24. Rxd2 a5 25. Be7 Qc3 0-1

[Event "Pinneberg-ch"]
[Site "Pinneberg"]
[Date "2009.10.01"]
[Round "6"]
[White "Wolff, Stefan"]
[Black "Atri, Jamshid"]
[Result "1-0"]
[WhiteElo "1960"]
[BlackElo "2059"]
[PlyCount "73"]
[EventDate "2009.08.27"]
[EventType "swiss"]
[EventRounds "7"]
[EventCountry "GER"]
[SourceTitle "EXT 2012"]
[Source "ChessBase"]
[SourceDate "2011.11.24"]
[SourceVersion "1"]
[SourceVersionDate "2011.11.24"]
[SourceQuality "1"]

1. c4 c5 2. Nf3 Nc6 3. d4 cxd4 4. Nxd4 Nf6 5. Nc3 e6 6. Bg5 Bc5 7. e3 h6 8. Bh4 Be7 9. Be2 0-0 10. 0-0 d6 11. Bf3 Bd7 12. Bxf6 gxf6 13. Ndb5 Qb8 14. Ne4 a6 15. Nbxd6 f5 16. Nc5 Qxd6 17. Qxd6 Bxd6 18. Nxd7 Rfd8 19. Nb6 Rab8 20. Rad1 Be7 21. a3 Rxd1 22. Rxd1 Rd8 23. Rd7 Rxd7 24. Nxd7 Nd8 25. Kf1 f6 26. Ke2 Kf7 27. Bh5+ Kg7 28. Kd3 Nc6 29. b4 Ne5+ 30. Nxe5 fxe5 31. c5 Bd8 32. a4 e4+ 33. Kc4 Bc7 34. b5 axb5+ 35. Kxb5 Kf8 36. c6 bxc6+ 37. Kxc6 1-0

[Event "Pinneberg-ch"]
[Site "Pinneberg"]
[Date "2007.10.11"]
[Round "7"]
[White "Henrich, Holger"]
[Black "Wolff, Stefan"]
[Result "0-1"]
[WhiteElo "2168"]
[BlackElo "1929"]
[PlyCount "68"]
[EventDate "2007.08.30"]
[EventType "swiss"]
[EventRounds "7"]
[EventCountry "GER"]
[SourceTitle "CBM 120 Extra"]
[Source "ChessBase"]
[SourceDate "2007.11.01"]
[SourceVersion "1"]
[SourceVersionDate "2007.11.01"]
[SourceQuality "1"]

1. d4 Nf6 2. c4 e6 3. Nc3 c5 4. d5 exd5 5. cxd5 Bd6 6. g3 Qe7 7. Nb5 0-0 8. Bg2 a6 9. Nxd6 Qxd6 10. Bf4 Qb6 11. Qb3 Qxb3 12. axb3 Re8 13. Rc1 b6 14. Bc7 Bb7 15. Rd1 b5 16. Nh3 a5 17. 0-0 a4 18. Bd6 Na6 19. bxa4 bxa4 20. Rfe1 Nb4 21. Bxc5 Nc2 22. Rf1 Rac8 23. Bd6 Rxe2 24. Nf4 Ree8 25. Rd2 Ba6 26. Rc1 Re1+ 27. Rxe1 Nxe1 28. f3 Rc1 29. Kf2 g5 30. Ne2 Rb1 31. Nc3 Nd3+ 32. Ke3 Re1+ 33. Kd4 Nc1 34. Rd1 Nb3# 0-1

[Event "Pinneberg-ch"]
[Site "Pinneberg"]
[Date "2007.09.20"]
[Round "4"]
[White "Wolff, Stefan"]
[Black "Draeger, Klaus"]
[Result "0-1"]
[WhiteElo "1929"]
[BlackElo "1932"]
[PlyCount "72"]
[EventDate "2007.08.30"]
[EventType "swiss"]
[EventRounds "7"]
[EventCountry "GER"]
[SourceTitle "CBM 120 Extra"]
[Source "ChessBase"]
[SourceDate "2007.11.01"]
[SourceVersion "1"]
[SourceVersionDate "2007.11.01"]
[SourceQuality "1"]

1. c4 Nf6 2. Nc3 g6 3. g3 Bg7 4. Bg2 c6 5. e4 d6 6. Nge2 Na6 7. d4 0-0 8. 0-0 e5 9. h3 Be6 10. d5 cxd5 11. cxd5 Bd7 12. Be3 Ne8 13. g4 f5 14. gxf5 gxf5 15. exf5 Bxf5 16. Ng3 Bg6 17. Nce4 Nac7 18. Qb3 b6 19. Rac1 Kh8 20. Rfd1 Rg8 21. Qc4 Qd7 22. Ng5 Bf8 23. Kh2 Rd8 24. Qh4 Ng7 25. Nxh7 Bxh7 26. Be4 Nge8 27. Bf5 Qe7 28. Bg5 Rxg5 29. Bxh7 Rxg3 30. Qxg3 Qxh7 31. Rc4 Be7 32. Rd3 b5 33. Rg4 Nf6 34. Rh4 Nh5 35. Qg4 Bxh4 36. Qxh4 Rf8 0-1

[Event "Pinneberg-ch"]
[Site "Pinneberg"]
[Date "2007.09.06"]
[Round "2"]
[White "Wolff, Stefan"]
[Black "Bokelbrink, Uwe"]
[Result "0-1"]
[WhiteElo "1929"]
[BlackElo "2281"]
[PlyCount "60"]
[EventDate "2007.08.30"]
[EventType "swiss"]
[EventRounds "7"]
[EventCountry "GER"]
[SourceTitle "CBM 120 Extra"]
[Source "ChessBase"]
[SourceDate "2007.11.01"]
[SourceVersion "1"]
[SourceVersionDate "2007.11.01"]
[SourceQuality "1"]

1. c4 Nf6 2. Nc3 c5 3. g3 e6 4. Bg2 Nc6 5. e4 Be7 6. Nge2 a6 7. 0-0 0-0 8. d4 cxd4 9. Nxd4 Ne5 10. Qe2 Qc7 11. Bf4 d6 12. Bxe5 dxe5 13. Nc2 Bd7 14. Ne3 Rac8 15. Rac1 Bc5 16. Ng4 Nxg4 17. Qxg4 Bd4 18. b3 Qa5 19. Qf3 b5 20. Ne2 bxc4 21. bxc4 Bb2 22. Rcd1 Ba4 23. Rb1 Rb8 24. h4 Bc2 25. Rbc1 Bxc1 26. Rxc1 Rb1 27. Kh2 Rxc1 28. Nxc1 Qd2 29. Ne2 Bd1 30. Bf1 Rd8 0-1

[Event "Pinneberg-ch"]
[Site "Pinneberg"]
[Date "2006.09.21"]
[Round "6.12"]
[White "Wolff, Stefan"]
[Black "Schiller, Thomas"]
[Result "0-1"]
[WhiteElo "1963"]
[BlackElo "1868"]
[PlyCount "64"]
[EventDate "2006.08.22"]
[EventType "swiss"]
[EventRounds "7"]
[EventCountry "GER"]
[SourceTitle "EXT 2007"]
[Source "ChessBase"]
[SourceDate "2006.11.23"]
[SourceVersion "1"]
[SourceVersionDate "2006.11.23"]
[SourceQuality "1"]

1. c4 e5 2. Nc3 Bb4 3. g3 Bxc3 4. bxc3 d6 5. Bg2 Nc6 6. d4 Nge7 7. Nf3 0-0 8. 0-0 Ng6 9. Rb1 Rb8 10. Qc2 Qe7 11. h4 Bg4 12. d5 Nd8 13. Nh2 Bd7 14. Nf3 f5 15. Bg5 Qe8 16. Be3 b6 17. Ng5 h6 18. Nh3 f4 19. Bd2 Bf5 20. Be4 Nxh4 21. Bxf5 Nxf5 22. gxf4 Qh5 23. Qd3 e4 24. Qxe4 Qxh3 25. Qg2 Qxg2+ 26. Kxg2 Nb7 27. e4 Nh4+ 28. Kg3 Ng6 29. Rg1 Na5 30. Kf3 Nxc4 31. Bc1 Nxf4 32. Bxf4 Nd2+ 0-1

[Event "Pinneberg-ch"]
[Site "Pinneberg"]
[Date "2006.09.15"]
[Round "5.16"]
[White "Linke, Harry"]
[Black "Wolff, Stefan"]
[Result "0-1"]
[WhiteElo "1749"]
[BlackElo "1963"]
[PlyCount "88"]
[EventDate "2006.08.22"]
[EventType "swiss"]
[EventRounds "7"]
[EventCountry "GER"]
[SourceTitle "EXT 2007"]
[Source "ChessBase"]
[SourceDate "2006.11.23"]
[SourceVersion "1"]
[SourceVersionDate "2006.11.23"]
[SourceQuality "1"]

1. e4 c5 2. Ne2 Nc6 3. g3 d5 4. Bg2 dxe4 5. Bxe4 Nf6 6. Bxc6+ bxc6 7. 0-0 Bh3 8. Re1 e6 9. Nbc3 Bd6 10. d3 Nd5 11. Ne4 Be7 12. Nf4 Bf5 13. Be3 0-0 14. c3 e5 15. Ng2 c4 16. Bc5 cxd3 17. c4 Nb4 18. Bxb4 Bxb4 19. Re3 Qd4 20. a3 Be7 21. Nc3 Bg5 22. Qf3 Bg4 23. Qxc6 Rac8 24. Qd5 Bxe3 25. Nxe3 Rfd8 26. Qe4 f5 27. Nxf5 Qxe4 28. Ne7+ Kf7 29. Nxe4 Kxe7 30. Nd2 Rd4 31. f3 Bf5 32. Kf2 Rdxc4 33. Nxc4 Rxc4 34. Re1 Rc2+ 35. Ke3 Rxb2 36. g4 Bg6 37. h4 h6 38. f4 e4 39. f5 Be8 40. g5 hxg5 41. hxg5 Bc6 42. Rc1 Re2+ 43. Kd4 d2 44. Rd1 Ba4 0-1

[Event "Pinneberg-ch"]
[Site "Pinneberg"]
[Date "2006.09.01"]
[Round "3.5"]
[White "Putzbach, Gerd"]
[Black "Wolff, Stefan"]
[Result "1-0"]
[WhiteElo "2268"]
[BlackElo "1963"]
[PlyCount "55"]
[EventDate "2006.08.22"]
[EventType "swiss"]
[EventRounds "7"]
[EventCountry "GER"]
[SourceTitle "EXT 2007"]
[Source "ChessBase"]
[SourceDate "2006.11.23"]
[SourceVersion "1"]
[SourceVersionDate "2006.11.23"]
[SourceQuality "1"]

1. e4 g6 2. d4 Bg7 3. Nc3 d6 4. Bc4 Nd7 5. Be3 e5 6. Nf3 Ngf6 7. dxe5 dxe5 8. h3 c6 9. Qd6 Qe7 10. Qxe7+ Kxe7 11. a4 h6 12. 0-0-0 Ne8 13. Rd3 Nd6 14. Bb3 Nxe4 15. Nxe4 f5 16. Nh4 fxe4 17. Nxg6+ Ke8 18. Rd2 Rf8 19. Nxf8 Nxf8 20. Rd6 Ke7 21. Bc5 Nd7 22. Re6+ Kd8 23. Be7+ Kc7 24. Bd6+ Kb6 25. Re8 Nf6 26. Rxe5 Bd7 27. Be7 Ng4 28. Bc5+ 1-0

[Event "Pinneberg-ch"]
[Site "Pinneberg"]
[Date "2006.08.22"]
[Round "1.19"]
[White "Wolff, Stefan"]
[Black "Zimmermann, Manfred"]
[Result "1-0"]
[WhiteElo "1963"]
[BlackElo "1651"]
[PlyCount "47"]
[EventDate "2006.08.22"]
[EventType "swiss"]
[EventRounds "7"]
[EventCountry "GER"]
[SourceTitle "EXT 2007"]
[Source "ChessBase"]
[SourceDate "2006.11.23"]
[SourceVersion "1"]
[SourceVersionDate "2006.11.23"]
[SourceQuality "1"]

1. c4 Nf6 2. Nc3 g6 3. e4 d6 4. g3 Bg7 5. Bg2 0-0 6. Nge2 e5 7. d4 Nbd7 8. 0-0 a6 9. h3 Re8 10. Be3 Rb8 11. Rc1 c6 12. b3 Qe7 13. Re1 Nf8 14. c5 N6d7 15. cxd6 Qxd6 16. d5 c5 17. Na4 b6 18. b4 Bb7 19. bxc5 bxc5 20. Nxc5 Ba8 21. Qa4 Nxc5 22. Bxc5 Qd7 23. Qxa6 Bb7 24. Qd6 1-0

[Event "Pinneberg-ch"]
[Site "Pinneberg"]
[Date "2004.09.16"]
[Round "6"]
[White "Wolff, Stefan"]
[Black "Gehrke, Rolf"]
[Result "0-1"]
[WhiteElo "2046"]
[BlackElo "1868"]
[PlyCount "80"]
[EventDate "2004.08.12"]
[EventType "swiss"]
[EventRounds "7"]
[EventCountry "GER"]
[SourceTitle "EXT 2005"]
[Source "ChessBase"]
[SourceDate "2004.11.15"]
[SourceVersion "1"]
[SourceVersionDate "2004.11.15"]
[SourceQuality "1"]

1. c4 Nf6 2. Nc3 d5 3. cxd5 Nxd5 4. e4 Nb4 5. a3 Nd3+ 6. Bxd3 Qxd3 7. Qf3 Qd7 8. Nge2 e5 9. Qg3 f6 10. d4 exd4 11. Nd5 Na6 12. 0-0 c6 13. Ndf4 Bd6 14. Rd1 c5 15. Qb3 Qf7 16. Qb5+ Qd7 17. Qc4 b5 18. Qd3 Be5 19. Nd5 c4 20. Qf3 d3 21. Nec3 Nc5 22. Qh5+ Qf7 23. Nc7+ Bxc7 24. Qxc5 Rb8 25. Nxb5 Rxb5 26. Qxb5+ Bd7 27. Qb7 Qh5 28. Bf4 Bxf4 29. g3 Bg4 30. Qa8+ Kf7 31. Qxa7+ Kg6 32. gxf4 Bxd1 33. f5+ Kh6 34. Qe3+ g5 35. fxg6+ Kg7 36. Qg3 Be2 37. Qc7+ Kxg6 38. f4 Qf3 39. f5+ Kh6 40. Qf7 Qe3+ 0-1

[Event "Pinneberg-ch"]
[Site "Pinneberg"]
[Date "2004.09.09"]
[Round "5"]
[White "Ahrens, Olaf"]
[Black "Wolff, Stefan"]
[Result "0-1"]
[WhiteElo "1801"]
[BlackElo "2046"]
[PlyCount "46"]
[EventDate "2004.08.12"]
[EventType "swiss"]
[EventRounds "7"]
[EventCountry "GER"]
[SourceTitle "EXT 2005"]
[Source "ChessBase"]
[SourceDate "2004.11.15"]
[SourceVersion "1"]
[SourceVersionDate "2004.11.15"]
[SourceQuality "1"]

1. e4 b6 2. d4 e6 3. Nc3 Bb7 4. f3 f5 5. e5 Nc6 6. Be3 Nh6 7. Qd2 Bb4 8. Nge2 d6 9. Bxh6 Qh4+ 10. g3 Qxh6 11. Qxh6 gxh6 12. exd6 Bxd6 13. Nb5 Nb4 14. Nxd6+ cxd6 15. Kf2 Rc8 16. c3 Nd3+ 17. Ke3 Nxb2 18. Bg2 Ke7 19. Rac1 Rc7 20. Rhe1 Rhc8 21. Nf4 e5 22. dxe5 dxe5 23. Kd2 Kf6 0-1